[Event "GER-chT North U16"]
[Site "Greifswald"]
[Date "2013.09.12"]
[Round "1.3"]
[White "Balasz, Kata"]
[Black "Rogozenco, Teodora Nana"]
[Result "0-1"]
[WhiteElo "1668"]
[BlackElo "1921"]
[PlyCount "72"]
[EventDate "2013.09.12"]
[EventType "team-swiss"]
[EventRounds "7"]
[EventCountry "GER"]
[SourceTitle "EXT 2014"]
[Source "ChessBase"]
[SourceDate "2013.11.20"]
[SourceVersion "1"]
[SourceVersionDate "2013.11.20"]
[SourceQuality "1"]
[WhiteTeam "Hagen"]
[BlackTeam "Hamburger SK"]
[WhiteTeamCountry "GER"]
[BlackTeamCountry "GER"]

1. d4 d6 2. Nc3 Nf6 3. Bf4 Nbd7 4. Qd2 e5 5. dxe5 dxe5 6. Bg5 Be7 7. f3 c6 8. e3 Qb6 9. Na4 Qc7 10. Nc3 b5 11. a3 0-0 12. Bxf6 Nxf6 13. Bd3 Rd8 14. Qf2 Bc5 15. Nge2 Qb6 16. Nd1 Nd5 17. Qh4 h6 18. Qe4 Nf6 19. Qxe5 Re8 20. Qg3 Rxe3 21. Nxe3 Bxe3 22. Rf1 Ba6 23. f4 Re8 24. Rf3 Nd5 25. f5 Kh8 26. Kd1 b4 27. Qd6 Bxd3 28. cxd3 Qb5 29. Nc1 Bg5 30. Qd7 Ne3+ 31. Kd2 Nc4+ 32. Kc2 b3+ 33. Nxb3 Re2+ 34. Kc3 Bf6+ 35. d4 Nxb2 36. a4 Qc4# 0-1

[Event "GER-chT North U16"]
[Site "Greifswald"]
[Date "2013.09.12"]
[Round "2.3"]
[White "Lischeid, Kilian"]
[Black "Balasz, Kata"]
[Result "1-0"]
[WhiteElo "1642"]
[BlackElo "1668"]
[PlyCount "109"]
[EventDate "2013.09.12"]
[EventType "team-swiss"]
[EventRounds "7"]
[EventCountry "GER"]
[SourceTitle "EXT 2014"]
[Source "ChessBase"]
[SourceDate "2013.11.20"]
[SourceVersion "1"]
[SourceVersionDate "2013.11.20"]
[SourceQuality "1"]
[WhiteTeam "Berlin Schachunion"]
[BlackTeam "Hagen"]
[WhiteTeamCountry "GER"]
[BlackTeamCountry "GER"]

1. c4 c5 2. Nc3 Nc6 3. Nf3 g6 4. g3 Bg7 5. Bg2 Nf6 6. d4 cxd4 7. Nxd4 0-0 8. 0-0 Qb6 9. Nb3 Qb4 10. c5 Na5 11. Nxa5 Qxa5 12. Be3 Ng4 13. Qd2 Nxe3 14. Qxe3 Re8 15. Rfd1 Rb8 16. a3 f5 17. b4 Qd8 18. Rac1 e5 19. Nb5 e4 20. Qb3+ Kh8 21. Nd6 Qe7 22. Nxe8 Qxe8 23. f3 exf3 24. Bxf3 b6 25. c6 dxc6 26. Bxc6 Qe7 27. Qd3 Bf6 28. Qd6 Qxd6 29. Rxd6 Bg5 30. Rcd1 Ba6 31. b5 Bc8 32. Kf1 a6 33. a4 Be7 34. Rd8+ Bxd8 35. Rxd8+ Kg7 36. Bd7 axb5 37. axb5 Bxd7 38. Rxb8 Bxb5 39. Rxb6 Bc4 40. Kf2 h6 41. e3 Bd3 42. h3 h5 43. Kf3 Bf1 44. h4 Bc4 45. Kf4 Kh6 46. Rb7 Bd5 47. Ra7 Bc4 48. Ke5 Bb3 49. Kf6 Bg8 50. Re7 Bc4 51. Rg7 Bd3 52. Rxg6+ Kh7 53. Kg5 Bc4 54. Rh6+ Kg7 55. Kxh5 1-0